[Event "III Miedzynarodowy Memorial Ireny Warakomskiej - Open C"]
[Site "Suwalki"]
[Date "2019.08.12"]
[Round "1.1"]
[White "Czarniecki, Pawel"]
[Black "Pieczulis, Hubert"]
[Result "1-0"]
[WhiteTitle ""]
[BlackTitle ""]
[WhiteElo "1570"]
[BlackElo "1224"]

1. d4 b6 2. c4 Bb7 3. Nc3 e6 4. Nf3 Be7 5. Bf4 Nf6 6. e3 O-O 7. Be2 d5 8. O-O Nh5
9. Bg3 Nxg3 10. hxg3 c6 11. Qc2 Nd7 12. Nd2 Nf6 13. f3 Bd6 14. Kf2 Qc7 15. f4
Bb4 16. Rh1 Bxc3 17. bxc3 g6 18. Bf3 Rac8 19. Qb3 c5 20. cxd5 Bxd5 21. c4 Bxf3
22. gxf3 cxd4 23. exd4 Rfd8 24. Qb2 Ne8 25. Rac1 Qd7 26. Ke3 Nd6 27. g4 Nb7 28.
Ne4 Qe7 29. g5 Nd6 30. Nf6+ Kf8 31. Nxh7+ Ke8 32. Nf6+ Kf8 33. Nh7+ Ke8 34. Kf2
Qc7 35. c5 Nf5 36. Nf6+ Ke7 37. cxb6 Qxb6 38. Qxb6 axb6 39. d5 Rxc1 40. Rxc1 exd5
41. Rc7+ Ke6 42. Rc6+ Rd6 43. Rc1 Rd8 44. Rb1 Rb8 45. Rb5 Ne7 46. Ke3 Kd6 47.
Kd4 Nf5+ 48. Kd3 Ne7 49. a4 Kc6 50. Ng4 Rf8 51. Ne5+ Kc7 52. a5 bxa5 53. Rxa5
Kb6 54. Ra1 Kc7 55. Ra7+ Kd6 56. Ra6+ Kc7 57. Rf6 Nf5 58. Nxg6 1-0

[Event "III Miedzynarodowy Memorial Ireny Warakomskiej - Open C"]
[Site "Suwalki"]
[Date "2019.08.12"]
[Round "1.2"]
[White "Borowik, Monika"]
[Black "Konewko, Konrad"]
[Result "0-1"]
[WhiteTitle ""]
[BlackTitle ""]
[WhiteElo "1216"]
[BlackElo "1544"]

1. e4 c5 2. Nf3 Nc6 3. Bb5 g6 4. Nc3 Bg7 5. d3 Nd4 6. Nxd4 cxd4 7. Nd5 e6 8. O-O
Nf6 9. Nxf6+ Qxf6 10. f4 O-O 11. e5 Qd8 12. Qf3 a6 13. Ba4 Rb8 14. Qf2 b5 15.
Bb3 d6 16. Qxd4 dxe5 17. Qxd8 Rxd8 18. fxe5 Bxe5 19. Kh1 Bb7 20. Bg5 Rd4 21. Rf2
Rg4 22. Be3 Rh4 23. Kg1 Bxh2+ 24. Kf1 Bg3 25. Ke2 Bxf2 26. Bxf2 Rg4 27. g3 Rg5
28. Kd2 Rc8 29. Re1 Bd5 30. Bxd5 Rxd5 31. Re4 e5 32. g4 Rc4 33. Rxe5 Rxc2+ 34.
Kxc2 Rxe5 35. Kc3 Rg5 36. d4 Kf8 37. Be3 Rxg4 38. d5 h5 39. d6 h4 40. d7 Ke7 41.
b4 h3 0-1

[Event "III Miedzynarodowy Memorial Ireny Warakomskiej - Open C"]
[Site "Suwalki"]
[Date "2019.08.12"]
[Round "1.3"]
[White "Zydorczak, Marek "]
[Black "Gladyszewski, Adam "]
[Result "0-1"]
[WhiteTitle ""]
[BlackTitle ""]
[WhiteElo "1521"]
[BlackElo "1216"]

1. e4 c5 2. Nf3 d6 3. d4 cxd4 4. Nxd4 e5 5. Nf3 Nf6 6. Nc3 Be7 7. Bc4 O-O 8. O-O
a6 9. a3 Nc6 10. h3 h6 11. Be3 b5 12. Ba2 Bb7 13. Qd3 b4 14. axb4 Nxb4 15. Qc4
Nxc2 16. Rac1 Nxe3 17. fxe3 Qb6 18. Rfe1 Rac8 19. Qd3 Qxb2 20. Nh4 Nxe4 21. Nf5
Qf2+ 22. Kh1 Ng3+ 0-1

[Event "III Miedzynarodowy Memorial Ireny Warakomskiej - Open C"]
[Site "Suwalki"]
[Date "2019.08.12"]
[Round "1.4"]
[White "Gres, Rafal"]
[Black "Arciszewska, Zuzanna "]
[Result "0-1"]
[WhiteTitle ""]
[BlackTitle ""]
[WhiteElo "1214"]
[BlackElo "1499"]

1. e4 e5 2. Nf3 Nc6 3. Bc4 Bc5 4. b4 Bb6 5. c3 Nf6 6. d3 d6 7. O-O O-O 8. h3 Be6
9. Bxe6 fxe6 10. a4 a6 11. a5 Ba7 12. Re1 d5 13. exd5 exd5 14. Nxe5 Nxe5 15. Rxe5
Bxf2+ 16. Kh1 Bg3 17. Re3 Qd6 18. Nd2 Rae8 19. Nf3 Bf2 20. Re2 Qg3 21. Raa2 Ba7
22. d4 Ne4 23. Qe1 Qxe1+ 24. Rxe1 Nxc3 25. Rc2 Rxe1+ 26. Nxe1 Rf1+ 27. Kh2 Rxe1
28. Rxc3 Bxd4 29. Rc2 Be5+ 30. g3 c6 31. Bg5 Rb1 32. Re2 Rb2 33. Rxb2 Bxb2 34.
Be7 Kf7 35. Bc5 Ke6 36. Kg2 d4 37. Kf3 Kd5 38. Ke2 Kc4 39. g4 Bc3 0-1

[Event "III Miedzynarodowy Memorial Ireny Warakomskiej - Open C"]
[Site "Suwalki"]
[Date "2019.08.12"]
[Round "1.5"]
[White "Sapinski, Sebastian"]
[Black "Bartnik, Michal"]
[Result "1-0"]
[WhiteTitle ""]
[BlackTitle ""]
[WhiteElo "1495"]
[BlackElo "1210"]

1. e4 e5 2. Nf3 Nc6 3. Bb5 Bc5 4. c3 d6 5. d4 exd4 6. cxd4 Bb4+ 7. Nc3 Bd7 8. O-O
a6 9. Bc4 h6 10. Re1 Nf6 11. e5 dxe5 12. Nxe5 O-O 13. Be3 Rb8 14. Qb3 Nxe5 15.
dxe5 Bxc3 16. bxc3 b5 17. exf6 bxc4 18. Qxc4 Qxf6 19. Qxc7 Bb5 20. Bd4 Qg6 21.
Qg3 Qxg3 22. hxg3 Rfe8 23. Rxe8+ Rxe8 24. a4 Bc4 25. Rb1 Rc8 26. Rb7 h5 27. Be5
g6 28. Bf6 Kf8 29. Kh2 Be6 30. Ra7 Bc4 31. Kh3 Kg8 32. Kh4 Bd3 33. Bd4 Bc4 34.
g4 hxg4 35. Kxg4 Be2+ 36. Kg5 Bc4 37. Be5 Kf8 38. g4 Bd3 39. f4 Be2 40. Rb7 Bc4
41. f5 gxf5 42. gxf5 Bd3 43. Bd6+ Kg8 44. Bb4 Bc2 45. a5 Bd3 46. Rb6 Bb5 47. Kf6
Bc4 48. Rd6 Bb5 49. Rd1 Rc6+ 50. Bd6 Bc4 51. Rg1+ Kh8 52. Ke7 Bd5 53. Rg3 f6 54.
Rg6 Bb3 55. Rxf6 Kh7 56. Be5 1-0

[Event "III Miedzynarodowy Memorial Ireny Warakomskiej - Open C"]
[Site "Suwalki"]
[Date "2019.08.12"]
[Round "1.6"]
[White "Milewski, Mateusz"]
[Black "Ptaszynski, Szymon "]
[Result "0-1"]
[WhiteTitle ""]
[BlackTitle ""]
[WhiteElo "1207"]
[BlackElo "1484"]

1. d4 Nf6 2. Nf3 e6 3. Bf4 b6 4. Nbd2 Bb7 5. e3 d6 6. Bd3 c5 7. c3 d5 8. O-O Nbd7
9. Re1 Be7 10. Bg3 Rc8 11. Qa4 Bc6 12. Bb5 Bxb5 13. Qxb5 O-O 14. Ne5 Nxe5 15.
Bxe5 Nd7 16. Bg3 Bf6 17. Qa6 Ra8 18. Qd3 Nb8 19. Bxb8 Rxb8 20. e4 cxd4 21. cxd4
dxe4 22. Rxe4 Qd7 23. Nf3 Rfd8 24. Rd1 Rbc8 25. h3 Qd5 26. a3 g6 27. Re2 Rc7 28.
Ne5 Bg7 29. Qf3 Qxf3 30. Nxf3 Rcd7 31. Red2 Rd5 32. Kf1 e5 33. dxe5 Rxd2 34. Rxd2
Rxd2 35. Nxd2 Bxe5 36. b3 a5 37. a4 Bd4 38. Ke2 f5 39. f3 Bc5 40. Nc4 Kf7 41.
g4 Kf6 42. f4 fxg4 43. hxg4 Ke6 44. Kd3 h5 45. gxh5 gxh5 46. Ke4 h4 47. Nd2 h3
48. Nf1 Bg1 49. Kf3 h2 50. Ng3 Kd6 51. Ke2 0-1

[Event "III Miedzynarodowy Memorial Ireny Warakomskiej - Open C"]
[Site "Suwalki"]
[Date "2019.08.12"]
[Round "1.7"]
[White "Kitewski, Bartosz"]
[Black "Sivickis, Andrejus "]
[Result "1-0"]
[WhiteTitle ""]
[BlackTitle ""]
[WhiteElo "1479"]
[BlackElo "1206"]

1. d4 Nf6 2. c4 g6 3. Nc3 Bg7 4. e4 d6 5. Nf3 O-O 6. Be2 Bg4 7. O-O Nfd7 8. Qb3
Qc8 9. Be3 Nc6 10. Rfd1 e6 11. Rac1 a6 12. d5 exd5 13. Nxd5 Re8 14. Qc2 Ne7 15.
h3 Bxf3 16. Bxf3 Ne5 17. Be2 Nxd5 18. cxd5 Re7 19. f4 Nd7 20. Bf3 f5 21. e5 dxe5
22. d6 1-0

[Event "III Miedzynarodowy Memorial Ireny Warakomskiej - Open C"]
[Site "Suwalki"]
[Date "2019.08.12"]
[Round "1.8"]
[White "Dietrich, Grzegorz "]
[Black "Tomicki, Marek "]
[Result "0-1"]
[WhiteTitle ""]
[BlackTitle ""]
[WhiteElo "1203"]
[BlackElo "1471"]

1. e4 c5 2. Nf3 d6 3. d4 cxd4 4. Nxd4 Nf6 5. Nc3 a6 6. Be2 Qc7 7. Be3 Nbd7 8. Qd2
b5 9. Bf3 Bb7 10. a3 Nc5 11. Nd5 Qd8 12. Nxf6+ gxf6 13. Bh6 Bxe4 14. Bxf8 Rxf8
15. b4 Bxf3 16. gxf3 Na4 17. Qh6 Qc7 18. O-O Qc3 19. Qe3 Qxe3 20. fxe3 Rc8 21.
Rfc1 Kd7 22. Ne2 Nc3 23. Nxc3 Rxc3 24. Kf2 Rfc8 25. Ra2 f5 26. Ke2 e5 27. a4 R3c4
28. axb5 axb5 29. Rb2 Rh4 30. Rh1 Rcc4 31. Kd3 Rxb4 32. Rxb4 Rxb4 33. Rg1 Rh4
34. Rg7 Ke6 35. Rg8 Rxh2 36. Rb8 Rf2 37. Rxb5 Rxf3 38. Ke2 Rh3 0-1

[Event "III Miedzynarodowy Memorial Ireny Warakomskiej - Open C"]
[Site "Suwalki"]
[Date "2019.08.12"]
[Round "1.9"]
[White "Fudala, Dominik"]
[Black "Pojawa, Jakub"]
[Result "1-0"]
[WhiteTitle ""]
[BlackTitle ""]
[WhiteElo "1470"]
[BlackElo "1191"]

1. e4 e6 2. d4 d5 3. Nc3 Bb4 4. Nge2 dxe4 5. a3 Bxc3+ 6. Nxc3 Nc6 7. Bb5 Bd7 8.
Nxe4 h6 9. Be3 Nf6 10. Nc5 Rb8 11. O-O O-O 12. Nxd7 Qxd7 13. c3 a6 14. Ba4 b5
15. Bc2 Ne7 16. Qf3 Ng6 17. Bxh6 gxh6 18. Qxf6 Kh7 19. Rae1 Rbe8 20. Re3 Qe7 21.
Qxe7 Rxe7 22. Rfe1 Kg7 23. Bxg6 Kxg6 24. f4 Kf6 25. Kf2 Rg8 26. Kf3 Rg7 27. d5
h5 28. Re5 Rh7 29. f5 Rd7 30. fxe6 fxe6 31. Rxe6+ Kf7 32. R1e5 Rxd5 33. Re7+ Kf6
34. Rxh7 Rxe5 35. Rh6+ Kg5 36. Rxa6 Rf5+ 37. Kg3 h4+ 38. Kh3 Rf2 39. Rc6 Rxb2
40. Rxc7 Rb3 41. Rc5+ Kg6 42. Kxh4 Rxa3 43. g4 Kf6 44. Kh5 Ra2 45. h4 Ra8 46.
g5+ Kf7 47. Rxb5 1-0

[Event "III Miedzynarodowy Memorial Ireny Warakomskiej - Open C"]
[Site "Suwalki"]
[Date "2019.08.12"]
[Round "1.10"]
[White "Borowik, Karol "]
[Black "Stefaniuk, Zbigniew"]
[Result "0-1"]
[WhiteTitle ""]
[BlackTitle ""]
[WhiteElo "1183"]
[BlackElo "1467"]

1. d4 Nf6 2. c4 e6 3. a3 d5 4. Nc3 Be7 5. Bg5 O-O 6. Nf3 h6 7. Bh4 b6 8. cxd5 Nxd5
9. Bxe7 Qxe7 10. e4 Nxc3 11. bxc3 Bb7 12. Bd3 Nd7 13. O-O c5 14. Re1 Nf6 15. d5
e5 16. Qe2 Ne8 17. Nd2 Nd6 18. c4 Bc8 19. f4 f6 20. f5 Bd7 21. Nf3 Rfc8 22. Rec1
a6 23. Nh4 Be8 24. Rab1 b5 25. Qe3 Rab8 26. cxb5 axb5 27. Be2 Qa7 28. Nf3 Ra8
29. Rc3 Qa4 30. Nd2 Qd4 31. Qxd4 cxd4 32. Rd3 Nc4 33. Ra1 Bd7 34. Ra2 Ne3 35.
Nf1 Nxf1 36. Kxf1 b4 37. Bd1 Bb5 38. Ke2 Bxd3+ 39. Kxd3 Rxa3+ 0-1

[Event "III Miedzynarodowy Memorial Ireny Warakomskiej - Open C"]
[Site "Suwalki"]
[Date "2019.08.12"]
[Round "1.11"]
[White "Wojdak, Karol"]
[Black "Bednarski, Pawel "]
[Result "1-0"]
[WhiteTitle ""]
[BlackTitle ""]
[WhiteElo "1457"]
[BlackElo "1135"]

1. e4 e5 2. Nf3 Nc6 3. Bb5 d6 4. O-O Bd7 5. c3 a6 6. Ba4 Nf6 7. Re1 Be7 8. d3 O-O
9. Nbd2 b5 10. Bb3 Na5 11. Bc2 c5 12. Nf1 1-0

[Event "III Miedzynarodowy Memorial Ireny Warakomskiej - Open C"]
[Site "Suwalki"]
[Date "2019.08.12"]
[Round "1.12"]
[White "Stupak, Aleksandra "]
[Black "Kieca, Aleksandra"]
[Result "0-1"]
[WhiteTitle ""]
[BlackTitle ""]
[WhiteElo "1126"]
[BlackElo "1453"]

1. e4 c5 2. c3 d5 3. exd5 Qxd5 4. Na3 Nc6 5. Nb5 Qd8 6. Bc4 a6 7. Na3 Bf5 8. d3
Nf6 9. Nc2 Ne5 10. Ne3 Bxd3 11. Bb3 e6 12. Bc2 Bxc2 13. Qxc2 Be7 14. Ne2 Nd3+
15. Kf1 O-O 16. Bd2 Ne5 17. Rd1 Qc7 18. Ng3 Rfd8 19. Ke2 Rd7 20. Rhe1 Rad8 21.
Kf1 Nd3 22. Re2 Qc6 23. Nef5 exf5 24. Nxf5 Bf8 25. Bg5 Nf4 26. Rxd7 Qxg2+ 27.
Ke1 Qg1+ 28. Kd2 Rxd7+ 29. Ke3 Qxg5 30. Rd2 Ng2+ 31. Kf3 Rxd2 32. Qa4 b5 33. Qxa6
Qg4# 0-1

[Event "III Miedzynarodowy Memorial Ireny Warakomskiej - Open C"]
[Site "Suwalki"]
[Date "2019.08.12"]
[Round "1.13"]
[White "Wojtacha, Krzysztof"]
[Black "Olszewski, Piotr "]
[Result "0-1"]
[WhiteTitle ""]
[BlackTitle ""]
[WhiteElo "1446"]
[BlackElo "1125"]

1. e4 d5 2. exd5 Qxd5 3. Nc3 Qa5 4. d4 Nf6 5. Nf3 Bf5 6. Bd2 c6 7. Bc4 Qd8 8. O-O
e6 9. Bf4 Nd5 10. Nxd5 cxd5 11. Bb5+ Nc6 12. Ne5 Rc8 13. Qf3 Be7 14. c4 O-O 15.
cxd5 Nxd4 16. Qd1 Nxb5 17. Qa4 a6 18. dxe6 Bxe6 19. Rfd1 Qb6 20. Qe4 Rfd8 21.
Re1 Bd5 22. Qb1 Bf6 23. Ng4 Re8 24. Qf5 Bxb2 25. Rad1 Rxe1+ 26. Rxe1 Be6 27. Qe4
f5 28. Qxe6+ Qxe6 29. Rxe6 fxg4 30. Re7 Rf8 31. Bg3 b6 32. Rb7 Bd4 33. a3 Nc3
34. Kf1 Ne4 35. Ke2 Nxg3+ 36. fxg3 Bc5 37. Kd3 Rf2 38. Rb8+ Kf7 39. Rb7+ Kf6 40.
Ke4 Rxg2 41. Rc7 Rxh2 42. Rc6+ Kf7 43. Rc7+ Be7 44. Ra7 a5 45. Rb7 Rb2 46. Kf4
h5 47. a4 Rb4+ 48. Kf5 g6+ 49. Ke5 Rxa4 50. Rb8 h4 51. gxh4 g3 0-1

[Event "III Miedzynarodowy Memorial Ireny Warakomskiej - Open C"]
[Site "Suwalki"]
[Date "2019.08.12"]
[Round "1.14"]
[White "Borowik, Grzegorz"]
[Black "Businski, Karol"]
[Result "0-1"]
[WhiteTitle ""]
[BlackTitle ""]
[WhiteElo "1123"]
[BlackElo "1441"]

1. d4 Nf6 2. c4 g6 3. Nc3 Bg7 4. Nf3 O-O 5. e3 d6 6. Qc2 Nc6 7. a3 e5 8. Be2 exd4
9. exd4 Bf5 10. Bd3 Re8+ 11. Ne2 Bxd3 12. Qxd3 Qe7 13. Bg5 Qe4 14. Qd2 h6 15.
Be3 Ng4 16. Nc3 Qf5 17. O-O-O Nxe3 18. fxe3 Na5 19. Qd3 Qxd3 20. Rxd3 Nxc4 21.
Nd5 Rac8 22. Re1 c6 23. Nf4 d5 24. h4 Rc7 25. Rb3 Rce7 26. Rf1 Nxe3 27. Rf2 Nf5
28. g4 Nxd4 29. Nxd4 Bxd4 30. Rg2 Be3+ 31. Rxe3 Rxe3 32. Kd2 R3e4 33. Nd3 b6 34.
b3 c5 35. a4 Rd4 36. Rg3 c4 37. bxc4 dxc4 38. Kc3 Rxd3+ 0-1

[Event "III Miedzynarodowy Memorial Ireny Warakomskiej - Open C"]
[Site "Suwalki"]
[Date "2019.08.12"]
[Round "1.15"]
[White "Pieczulis, Blazej"]
[Black "Iracki, Piotr"]
[Result "1-0"]
[WhiteTitle ""]
[BlackTitle ""]
[WhiteElo "1439"]
[BlackElo "1116"]

1. d4 Nf6 2. Bg5 e6 3. Nf3 Be7 4. Nbd2 d5 5. e3 O-O 6. Bd3 c6 7. Qe2 Nbd7 8. c3
h6 9. Bh4 a5 10. e4 Re8 11. e5 Nh7 12. Bg3 c5 13. O-O c4 14. Bc2 b5 15. h3 Ba6
16. Nh2 Qb6 17. Qh5 Nhf8 18. Rfe1 Bg5 19. f4 g6 20. Qf3 Be7 21. h4 h5 22. Bf2
Qd8 23. Qh3 b4 24. g4 hxg4 25. Qxg4 Kh8 26. h5 Rb8 27. hxg6 fxg6 28. Qh3+ Kg7
29. Rab1 Bb5 30. Ng4 Rb6 31. Qh6+ Kf7 32. Qh8 Bg5 33. Be3 Bxf4 34. Bxf4 1-0

[Event "III Miedzynarodowy Memorial Ireny Warakomskiej - Open C"]
[Site "Suwalki"]
[Date "2019.08.12"]
[Round "1.16"]
[White "Galaszewski, Karol "]
[Black "Owczarek, Monika "]
[Result "1/2-1/2"]
[WhiteTitle ""]
[BlackTitle ""]
[WhiteElo "1108"]
[BlackElo "1439"]

1. e4 c5 2. Nf3 Nc6 3. d4 cxd4 4. Nxd4 d6 5. Nc3 Nf6 6. Be3 g6 7. Be2 Bg7 8. O-O
Bd7 9. a3 O-O 10. f4 Nxd4 11. Bxd4 Bc6 12. Bf3 Qc7 13. f5 Nd7 14. Kh1 Ne5 15.
Be2 a6 16. fxg6 fxg6 17. Rxf8+ Rxf8 18. Qd2 b5 19. b4 Qb7 20. Bd3 Nf3 21. gxf3
Bxd4 22. Bc4+ bxc4 23. Qxd4 Rxf3 24. Qxc4+ Kf8 25. Rf1 Rxf1+ 26. Qxf1+ Kg7 27.
Qc4 h5 28. Qe6 Qd7 29. Qxd7 Bxd7 30. a4 Bc6 31. b5 axb5 32. axb5 Bb7 33. Kg2 e6
34. Kf3 Kf6 35. h4 Ke5 36. Ke3 g5 37. hxg5 h4 38. b6 d5 39. exd5 exd5 40. Nb5
Ba6 41. g6 Kf6 42. Nd6 h3 43. Kf2 Kxg6 44. b7 Bxb7 45. Nxb7 Kf5 46. Nc5 Ke5 47.
c3 1/2-1/2

[Event "III Miedzynarodowy Memorial Ireny Warakomskiej - Open C"]
[Site "Suwalki"]
[Date "2019.08.12"]
[Round "1.17"]
[White "Bednarska, Julita"]
[Black "Dunda, Szymon"]
[Result "1/2-1/2"]
[WhiteTitle ""]
[BlackTitle ""]
[WhiteElo "1436"]
[BlackElo "1106"]

1. e4 c5 2. Nf3 e6 3. d4 cxd4 4. Nxd4 a6 5. Bd3 d6 6. Nc3 b5 7. a3 Bb7 8. Qe2 Qc7
9. O-O Nf6 10. Bd2 Be7 11. h3 Nbd7 12. Nb3 O-O 13. Rfe1 Rac8 14. Rac1 Qb8 15.
Kh1 Ne5 16. f4 Ned7 17. Rf1 1/2-1/2

[Event "III Miedzynarodowy Memorial Ireny Warakomskiej - Open C"]
[Site "Suwalki"]
[Date "2019.08.12"]
[Round "1.18"]
[White "Kruszynski, Jacek"]
[Black "Werner, Kacper "]
[Result "0-1"]
[WhiteTitle ""]
[BlackTitle ""]
[WhiteElo "1104"]
[BlackElo "1435"]

1. c4 g6 2. d4 Nf6 3. Nc3 Bg7 4. e4 d6 5. Nf3 Nbd7 6. Be2 e5 7. dxe5 dxe5 8. Nxe5
Nxe5 9. Qxd8+ Kxd8 10. Bg5 c6 11. f3 Be6 12. c5 Kc7 13. O-O Nfd7 14. Be7 Bf8 15.
Bxf8 Rhxf8 16. Na4 Rad8 17. Rfd1 Nf6 18. Rxd8 Rxd8 19. Nc3 Rd2 20. Kf1 Rxb2 21.
Ke1 0-1

[Event "III Miedzynarodowy Memorial Ireny Warakomskiej - Open C"]
[Site "Suwalki"]
[Date "2019.08.12"]
[Round "1.19"]
[White "Kaminski, Lukasz "]
[Black "Zapalowska, Wiktoria "]
[Result "1-0"]
[WhiteTitle ""]
[BlackTitle ""]
[WhiteElo "1425"]
[BlackElo "1103"]

1. e4 c5 2. Nc3 Nc6 3. Nf3 e6 4. Bb5 Nd4 5. Nxd4 cxd4 6. Ne2 a6 7. Bd3 e5 8. b3
Nf6 9. O-O b5 10. Re1 Bb7 11. Ng3 Be7 12. Bb2 O-O 13. Bf1 Rc8 14. Rc1 Re8 15.
c3 dxc3 16. dxc3 Bc5 17. c4 b4 18. Rc2 Qb6 19. Bc1 h6 20. Be3 d6 21. Qf3 Qc6 22.
Bxh6 Nxe4 23. Nxe4 gxh6 24. Nf6+ Kf8 25. Qxc6 Bxc6 26. Nxe8 Kxe8 27. g3 f5 28.
Bh3 Bd7 29. Rd2 Ke7 30. Kf1 Kf6 31. Bg2 a5 32. Red1 a4 33. Rxd6+ Bxd6 34. Rxd6+
Ke7 35. Rxh6 axb3 36. axb3 Rb8 37. Bd5 Ba4 38. Re6+ Kd7 39. Rxe5 Bxb3 40. c5 Bc2
41. h4 b3 42. Bxb3 Bxb3 43. Rxf5 Be6 44. Rg5 Kc6 45. Rg6 Kd5 46. Ke2 Re8 47. Kd2
Kxc5 48. h5 Rd8+ 49. Ke3 Re8 50. Kf4 Rf8+ 51. Ke5 Rf5+ 52. Kxe6 Rxh5 53. f4 Rh8
54. f5 Kc6 55. g4 Kc7 56. Kf7 Kd7 57. Rg8 Rh7+ 58. Kg6 Re7 59. Rg7 Rxg7+ 60. Kxg7
1-0

[Event "III Miedzynarodowy Memorial Ireny Warakomskiej - Open C"]
[Site "Suwalki"]
[Date "2019.08.12"]
[Round "1.20"]
[White "Sivickis, Kornelia "]
[Black "Oborska, Magda "]
[Result "0-1"]
[WhiteTitle ""]
[BlackTitle ""]
[WhiteElo "1101"]
[BlackElo "1422"]

1. e4 Nc6 2. d4 e5 3. d5 Nce7 4. Nf3 Ng6 5. a3 Nf6 6. Nc3 Bc5 7. Bd3 d6 8. h3 O-O
9. O-O h6 10. Na4 Bb6 11. Nxb6 axb6 12. c3 Re8 13. Re1 Nh5 14. Bb5 Bd7 15. Bxd7
Qxd7 16. Be3 Nhf4 17. Kh2 Kh7 18. Ng1 Qa4 19. Qxa4 Rxa4 20. Bxf4 Nxf4 21. Re3
Rf8 22. g3 Ng6 23. Rae1 f5 24. exf5 Rxf5 25. Rf3 Ne7 26. Rxf5 Nxf5 27. Re2 Ne7
28. Rd2 Ra5 29. c4 b5 30. cxb5 Rxb5 31. Ne2 Nxd5 32. Kg2 Nb6 33. Rc2 c6 34. Nc1
Na4 35. Nd3 e4 36. Nb4 c5 37. Nd5 Rxb2 38. Rxb2 Nxb2 39. Kf1 Kg6 40. Ke2 Kf5 41.
Ne3+ Ke6 42. Nc2 d5 43. f3 d4 44. Ne1 Kd5 45. fxe4+ Kxe4 46. Kd2 Nc4+ 47. Kc2
Nxa3+ 48. Kd2 c4 49. h4 b5 50. h5 b4 51. Nc2 Nxc2 52. Kxc2 b3+ 53. Kc1 c3 54.
g4 d3 0-1

[Event "III Miedzynarodowy Memorial Ireny Warakomskiej - Open C"]
[Site "Suwalki"]
[Date "2019.08.12"]
[Round "1.22"]
[White "Makarec, Anna"]
[Black "Wydornik, Robert "]
[Result "1/2-1/2"]
[WhiteTitle ""]
[BlackTitle ""]
[WhiteElo "1099"]
[BlackElo "1391"]

1. e4 c5 2. b3 Nc6 3. Bb2 d6 4. Bc4 Nf6 5. Nc3 g6 6. h3 Ne5 7. Bb5+ Bd7 8. Bxd7+
Qxd7 9. f4 Nc6 10. d3 Bg7 11. Qd2 O-O 12. Nge2 b5 13. Nxb5 Nxe4 14. dxe4 Bxb2
15. Rb1 Bg7 16. O-O a6 17. Nbc3 Nd4 18. Nxd4 Bxd4+ 19. Kh1 Rad8 20. Ne2 Bg7 21.
c4 Qb7 22. Qd5 Rb8 23. Rbd1 a5 24. e5 Qxd5 25. Rxd5 Rbd8 26. Rfd1 Rfe8 27. Ng1
a4 28. exd6 axb3 29. axb3 exd6 30. Rxd6 Rxd6 31. Rxd6 1/2-1/2

[Event "III Miedzynarodowy Memorial Ireny Warakomskiej - Open C"]
[Site "Suwalki"]
[Date "2019.08.12"]
[Round "1.23"]
[White "Cwiek, Stefan"]
[Black "Walkowska, Wieslawa"]
[Result "1-0"]
[WhiteTitle ""]
[BlackTitle ""]
[WhiteElo "1365"]
[BlackElo "1072"]

1. e4 e5 2. Nf3 Nc6 3. Bc4 Bc5 4. c3 Nf6 5. d4 exd4 6. cxd4 Bb6 7. Nc3 Ba5 8. Bg5
h6 9. Bxf6 Qxf6 10. O-O d6 11. e5 dxe5 12. dxe5 Qg6 13. Nd5 Bh3 14. Nf4 Qg4 15.
Bxf7+ Kxf7 16. Nxh3 Rad8 17. Qb3+ Qe6 18. Nfg5+ hxg5 19. Nxg5+ 1-0

[Event "III Miedzynarodowy Memorial Ireny Warakomskiej - Open C"]
[Site "Suwalki"]
[Date "2019.08.12"]
[Round "1.24"]
[White "Kudraszow, Filip "]
[Black "Hancharevich, Heorhi "]
[Result "0-1"]
[WhiteTitle ""]
[BlackTitle ""]
[WhiteElo "1056"]
[BlackElo "1360"]

1. e4 e5 2. Nf3 Nc6 3. c3 Nf6 4. d4 Nxe4 5. d5 Ne7 6. Nxe5 f6 7. Nf3 d6 8. Bb5+
c6 9. dxc6 bxc6 10. Ba4 Bg4 11. Qe2 d5 12. Nbd2 f5 13. h3 Bh5 14. O-O Qb6 15.
Bb3 0-1

[Event "III Miedzynarodowy Memorial Ireny Warakomskiej - Open C"]
[Site "Suwalki"]
[Date "2019.08.12"]
[Round "1.25"]
[White "Pajak, Radoslaw"]
[Black "Chiszko, Wiktoria"]
[Result "0-1"]
[WhiteTitle ""]
[BlackTitle ""]
[WhiteElo "1343"]
[BlackElo "1046"]

1. e4 e5 2. Nf3 Nc6 3. Bb5 Nf6 4. Nc3 Be7 5. Bxc6 dxc6 6. Nxe5 Bc5 7. O-O O-O 8.
d3 h6 9. h3 Qd6 10. Nf3 Qg3 11. Ne2 Qg6 12. Nh4 Qh5 13. Nf3 Rd8 14. Ng3 Qg6 15.
Qe2 Qxg3 16. d4 Bxd4 17. Nxd4 Qg6 18. Nf5 Re8 19. Nh4 Rxe4 20. Nxg6 Rxe2 21. Nf4
Rxc2 22. b3 Bf5 23. a3 g5 24. g4 Bg6 25. Ng2 Nd5 26. h4 f6 27. hxg5 fxg5 28. Ne3
Rc3 29. b4 Rf8 30. Rd1 Nf4 31. Rd7 Ne2+ 32. Kh2 Rxf2+ 0-1

[Event "III Miedzynarodowy Memorial Ireny Warakomskiej - Open C"]
[Site "Suwalki"]
[Date "2019.08.12"]
[Round "2.1"]
[White "Hancharevich, Heorhi "]
[Black "Czarniecki, Pawel"]
[Result "1-0"]
[WhiteTitle ""]
[BlackTitle ""]
[WhiteElo "1360"]
[BlackElo "1570"]

1. e4 c5 2. Nc3 e6 3. d3 Nc6 4. g3 d5 5. Nf3 Nf6 6. e5 Nd7 7. Qe2 a6 8. Bg2 h6
9. h4 g6 10. Bf4 Bg7 11. O-O Qc7 12. Nxd5 exd5 13. e6 Nde5 14. exf7+ Kxf7 15.
Nxe5+ Nxe5 16. Bxe5 Bxe5 17. Bxd5+ Be6 18. Bxe6+ Kxe6 19. Rae1 g5 20. f4 gxf4
21. gxf4 Rag8+ 22. Kh2 Rg5 23. fxe5 Rxe5 24. Qg4+ Kd5 25. Kh3 Rxe1 26. Rxe1 Qc8
27. Re7 Qxg4+ 28. Kxg4 Kc6 29. Kh5 Rf8 30. Re2 Rf6 31. Rg2 Kb5 32. c3 b6 33. a3
Ka4 34. Rg6 Rxg6 35. Kxg6 Kb3 36. d4 cxd4 37. cxd4 Kc4 38. Kxh6 Kxd4 39. Kg6 Kc4
40. h5 Kb3 41. h6 Kxb2 42. a4 Kb3 43. h7 Kxa4 44. h8=Q b5 45. Qa1+ Kb3 46. Qxa6
b4 47. Kf5 Kb2 48. Qe2+ Kb3 1-0

[Event "III Miedzynarodowy Memorial Ireny Warakomskiej - Open C"]
[Site "Suwalki"]
[Date "2019.08.12"]
[Round "2.2"]
[White "Konewko, Konrad"]
[Black "Cwiek, Stefan"]
[Result "1/2-1/2"]
[WhiteTitle ""]
[BlackTitle ""]
[WhiteElo "1544"]
[BlackElo "1365"]

1. d4 d5 2. c4 Bf5 3. cxd5 Bxb1 4. Qa4+ c6 5. dxc6 Nxc6 6. Rxb1 Qxd4 7. Qxd4 Nxd4
8. e3 Nc6 9. Bb5 Rc8 10. Nf3 e6 11. Bd2 Bd6 12. Bc3 Nge7 13. O-O O-O 14. e4 Rfd8
15. Rfd1 Bc5 16. a3 a6 17. Be2 Ng6 18. g3 b5 19. Rbc1 Bb6 20. Kg2 e5 21. Rxd8+
Rxd8 22. h4 h6 1/2-1/2

[Event "III Miedzynarodowy Memorial Ireny Warakomskiej - Open C"]
[Site "Suwalki"]
[Date "2019.08.12"]
[Round "2.3"]
[White "Iracki, Piotr"]
[Black "Zydorczak, Marek "]
[Result "0-1"]
[WhiteTitle ""]
[BlackTitle ""]
[WhiteElo "1116"]
[BlackElo "1521"]

1. e4 c5 2. Nf3 Nc6 3. d4 cxd4 4. Nxd4 Nf6 5. Nc3 e6 6. a3 d5 7. exd5 exd5 8. Bg5
Be7 9. Bb5 Bd7 10. O-O O-O 11. Re1 h6 12. Bh4 Bc5 13. Nb3 Bg4 14. Qd2 Bb6 15.
Bxf6 Qxf6 16. Rab1 d4 17. Bxc6 dxc3 18. bxc3 Qxc6 19. Nd4 Qf6 20. Re4 Bh5 0-1

[Event "III Miedzynarodowy Memorial Ireny Warakomskiej - Open C"]
[Site "Suwalki"]
[Date "2019.08.12"]
[Round "2.4"]
[White "Arciszewska, Zuzanna "]
[Black "Chomicki, Kornel "]
[Result "1-0"]
[WhiteTitle ""]
[BlackTitle ""]
[WhiteElo "1499"]
[BlackElo "1334"]

1. e4 e5 2. Nf3 Nc6 3. Bc4 Bc5 4. c3 Nf6 5. d3 d6 6. O-O Be6 7. Nbd2 Bxc4 8. Nxc4
O-O 9. Bg5 h6 10. Be3 Bb6 11. Qe2 Re8 12. Bxb6 axb6 13. Ne3 Ne7 14. Nh4 g6 15.
f4 exf4 16. Rxf4 Nh5 17. Rf2 Nc6 18. a3 Qxh4 19. Nd5 Rac8 20. g4 Ne7 21. Nxe7+
Rxe7 22. gxh5 Qxh5 23. Qxh5 gxh5 24. Rf5 Re5 25. Raf1 Rxf5 26. Rxf5 Kg7 27. Rxh5
Rg8 28. Kf2 Re8 29. Kf3 Re6 30. d4 Kg6 31. Rh3 Rf6+ 32. Ke3 Kg5 33. Rf3 Rxf3+
34. Kxf3 f6 35. Kg3 c6 36. h4+ Kg6 37. Kg4 h5+ 38. Kf4 b5 39. e5 fxe5+ 40. dxe5
dxe5+ 41. Kxe5 c5 42. b3 b6 43. c4 b4 44. axb4 cxb4 45. Ke6 Kg7 46. Kf5 Kh6 47.
Kf6 Kh7 48. Kg5 Kg7 49. Kxh5 Kf6 50. Kg4 Ke5 51. h5 Kf6 52. Kf4 Kg7 53. Ke5 1-0